000 00429nam a2200169Ia 4500
008 230524s9999 xx 000 0 und d
020 _a9788126516100
082 _a621
_bHAY
100 _aMonson H. Hayes
245 0 _aStatistical Digital Signal Processing and Modeling
250 _a1
260 _aNew Delhi
_bJohn Wiley
_c2004
300 _a608p;
500 _aQuantity Number: 5
650 _aElectronics
942 _cBK
999 _c53587
_d53587